Sosyal kaygı ile başa çıkma/ (Record no. 24291)
| 000 -BAŞLIK | |
|---|---|
| Sabit Uzunluktaki Kontrol Alanı | 01936nam a22003617a 4500 |
| 001 - KONTROL NUMARASI | |
| Control Dosyası | 0024339 |
| 003 - KONTROL NUMARASI KİMLİĞİ | |
| Kontrol Alanı | KOHA_MİRAKIL |
| 005 - EN SON İŞLEM TARİHİ ve ZAMANI | |
| Kontrol Alanı | 20260207002437.0 |
| 007 - FİZİKSEL TANIM SABİT ALAN - GENEL BİLGİ | |
| Sabit uzunluklu kontrol alanı | ta |
| 008 - SABİT UZUNLUKTAKİ VERİ ÖGELERİ - GENEL BİLGİ | |
| Sabit Alan | 101112b2010 tu |||gr||||#||||0|tur | |
| 020 ## - ISBN - ULUSLARARASI STANDART KİTAP NUMARASI | |
| Isbn | 9789755919683 |
| Kullanılabilirlik koşulları | 7,51 |
| 040 ## - KATALOGLAMA KAYNAĞI | |
| Özgün Kataloglama Kurumu | TR-BiSEU |
| Kataloglama Dili | tur |
| Çeviri Kurumu | TR-BiSEU |
| Açıklama Kuralları | rda |
| 041 0# - DİL KODU | |
| Metin ya da ses kaydının dil kodu | tur |
| 044 ## - YAYINLAYAN/ÜRETEN KURULUŞUN ÜLKE KODU | |
| ISO country code | tu |
| 050 ## - SINIFLAMA ve YER NUMARASI | |
| Sınıflama Numarası | BF575 |
| Yer Numarası | .G95 2010 |
| 100 1# - KİŞİ ADI | |
| Yazar Adı (Kişi adı) | Gümüş, Aynur Eren. |
| 245 1# - ESER ADI BİLDİRİMİ | |
| Başlık | Sosyal kaygı ile başa çıkma/ |
| Sorumluluk Bildirimi | Aynur Eren Gümüş ; Aynur Eren Gümüş; editör Uğur Öner. |
| 264 #1 - ÜRERİM, YAYIN, DAĞITIM ve TELİF BİLDİRİMİ | |
| Yayın yeri | Ankara : |
| Yayınlayan | Nobel Yayın Dağıtım |
| Yayın tarihi | 2010 |
| 300 ## - FİZİKSEL TANIMLAMA | |
| Sayfa, Cilt vb. | 130 sayfa: tablo; 28 cm. |
| 336 ## - İÇERİK TÜRÜ | |
| Content type term | metin |
| Content type code | txt |
| Source | rdacontent |
| 337 ## - MEDYA TÜRÜ | |
| Media type term | aracısız |
| Media type code | n |
| Source | rdamedia |
| 338 ## - TAŞIYICI TÜRÜ | |
| Carrier type term | cilt |
| Carrier type code | nc |
| Source | rdacarrier |
| 490 1# - DİZİ BİLDİRİMİ | |
| Dizi Bildirimi | Nobel yayın no ; |
| Cilt Numarası | 982. |
| 490 1# - DİZİ BİLDİRİMİ | |
| Dizi Bildirimi | Eğitim Psikolojisi ; |
| Cilt Numarası | 248. |
| 500 ## - GENEL NOT | |
| Genel Not | Kapakta : Uygulamalı grup rehberliği programları dizisi : sosyal kaygı ile başa çıkma |
| 500 ## - GENEL NOT | |
| Genel Not | Kaynakça var. |
| 505 ## - İÇİNDEKİLER NOTU | |
| İçindekiler Notu | İÇİNDEKİLER |
| 650 #0 - KONU BAŞLIĞI EK GİRİŞ - KONU TERİMİ | |
| Konusal terim veya coğrafi ad | Kaygı. |
| 9 (RLIN) | 49731 |
| 650 #0 - KONU BAŞLIĞI EK GİRİŞ - KONU TERİMİ | |
| Konusal terim veya coğrafi ad | Anxiety. |
| 9 (RLIN) | 33825 |
| 830 1# - SERİ EK GİRİŞİ - TEKBİÇİM ESER ADI | |
| Tekbiçim Başlık | Nobel yayın no ; |
| Volume number/sequential designation | 982. |
| 9 (RLIN) | 1940 |
| 830 1# - SERİ EK GİRİŞİ - TEKBİÇİM ESER ADI | |
| Tekbiçim Başlık | Eğitim Psikolojisi ; |
| Volume number/sequential designation | 248. |
| 9 (RLIN) | 49732 |
| 942 ## - EK GİRİŞ ÖGELERİ (KOHA) | |
| Source of classification or shelving scheme | Library of Congress Classification |
| Koha item type | Book |
| 505 ## - İÇİNDEKİLER NOTU | |
| -- | Türk PDR-DER'den III |
| -- | Uygulamalı Grup Rehberliği Programları Dizisi V |
| -- | SUNUŞ XI |
| -- | Sosyal Kaygı 1 |
| -- | Sosyal Kaygıyla Başa Çıkma Grup Programının Genel |
| -- | Kapsamı ve Özellikleri 9 |
| -- | Genel Amacı 10 |
| -- | Öğeleri 11 |
| -- | Temel İlkeleri 13 |
| -- | Kuralları 14 |
| -- | Sosyal Kaygıyla Başa Çıkma Grup Programının Uygulanmasında Dikkate Alınması |
| -- | Gereken Önemli Uyarılar 15 |
| -- | Sosyal Kaygıyla Başa Çıkma Grup Programının Oturumları ve Etkililiğinin Test |
| -- | Edildiği Grup Oturumlarının Değerlendirilmesi 17 |
| -- | 1. Oturum 17 |
| -- | 2. Oturum 25 |
| -- | 3. Oturum 37 |
| -- | 4. Oturum 49 |
| -- | 5. Oturum 59 |
| -- | 6. Oturum 69 |
| -- | 7. Oturum 81 |
| -- | 8. Oturum 87 |
| -- | 9. Oturum 97 |
| -- | 10. Oturum 107 |
| -- | 11. Oturum 117 |
| -- | 12. Oturum 119 |
| -- | 13. Oturum 123 |
| -- | Kaynakça 125 |
| Materyal Türü | Kalıcı Konum | Mevcut Konum | Raf Yeri | Sınıflandırma Kaynağı | Edinim Bilgisi | Ana Konular | Alt Konular | Yer Numarası | Demirbaş Numarası | Fatura Tarihi | Maliyet, Alış Fiyatı | Maliyet, Yenileme Fiyatı | Geri Çekilme Durumu | Kayıp Durumu | Hasarlı Durumu | Kredi için değil | Kayıt Tarih | Toplam Ödünçverme | Son Görülme Tarihi | Son Kontrol Tarihi |
|---|---|---|---|---|---|---|---|---|---|---|---|---|---|---|---|---|---|---|---|---|
| Book | Prof. Dr. Azmi Özcan Kütüphanesi | Prof. Dr. Azmi Özcan Kütüphanesi | Uluğbey Salonu | Library of Congress Classification | Satın | FELSEFE, PSİKOLOJİ, DİN | Psikoloji | BF575 .G95 2010 | 0024339 | 15/12/2010 | 8.11 | 8.11 | 12/11/2010 | 4 | 06/04/2026 | 23/03/2026 |
